Catálogo
 En Linea

Documentos para la historia de la República Dominicana / (Registro nro. 26767)

Detalles MARC
000 -CABECERA
campo de control de longitud fija 01299nam a2200277 a 4500
001 - NÚMERO DE CONTROL
campo de control 000027275
003 - IDENTIFICADOR DEL NÚMERO DE CONTROL
campo de control OSt
005 - FECHA Y HORA DE LA ÚLTIMA TRANSACCIÓN
campo de control 20240305073654.0
008 - DATOS DE LONGITUD FIJA--INFORMACIÓN GENERAL
campo de control de longitud fija 110331s1944 dr r 000 0 spa d
040 ## - FUENTE DE LA CATALOGACIÓN
Centro catalogador/agencia de origen DO-SdBNP
Lengua de catalogación spa
Centro/agencia transcriptor BNPHU
082 ## - NÚMERO DE LA CLASIFICACIÓN DECIMAL DEWEY
Número de clasificación 972.9304
Número de documento/Ítem D637h, 1944
245 00 - MENCIÓN DE TÍTULO
Título Documentos para la historia de la República Dominicana /
Mención de responsabilidad, etc. Emilio Rodríguez Demorizi [compilador].
260 ## - PUBLICACIÓN, DISTRIBUCIÓN, ETC.
Lugar de publicación, distribución, etc. Ciudad Trujillo, República Dominicana :
Nombre del editor, distribuidor, etc. Archivo General de la Nación ;
-- Montalvo,
Fecha de publicación, distribución, etc. 1944.
300 ## - DESCRIPCIÓN FÍSICA
Extensión v. ;
Dimensiones 22 cm.
490 1# - MENCIÓN DE SERIE
Mención de serie Publicaciones del Archivo General de la Nación ( República Dominicana)
Designación de volumen o secuencia 1
500 ## - NOTA GENERAL
Nota general Incluye referencias bibliográficas y notas al pie de las páginas.
500 ## - NOTA GENERAL
Nota general A la cabeza del título Archivo General de la Nación. Centenario de la República Dominicana, 1844-1944
590 ## - NOTA LOCAL (RLIN)
Nota local Inventariado, 2018/VM
651 #4 - PUNTO DE ACCESO ADICIONAL DE MATERIA--NOMBRE GEOGRÁFICO
Nombre geográfico República Dominicana
Subdivisión general Historia
Subdivisión cronológica 1844-1930
Subdivisión de forma FUENTES
9 (RLIN) 54332
651 #4 - PUNTO DE ACCESO ADICIONAL DE MATERIA--NOMBRE GEOGRÁFICO
Nombre geográfico República Dominicana
Subdivisión general Relaciones Exteriores
Subdivisión geográfica Haití
Subdivisión de forma FUENTES
9 (RLIN) 54333
651 #4 - PUNTO DE ACCESO ADICIONAL DE MATERIA--NOMBRE GEOGRÁFICO
Nombre geográfico Haití
Subdivisión general Relaciones Exteriores
Subdivisión geográfica República Dominicana
Subdivisión de forma FUENTES
9 (RLIN) 54334
700 12 - PUNTO DE ACCESO ADICIONAL--NOMBRE DE PERSONA
Nombre de persona Rodríguez Demorizi, Emilio,
Fechas asociadas al nombre 1908-1986
Término indicativo de función/relación comp.
9 (RLIN) 1039
830 #0 - PUNTO DE ACCESO ADICIONAL DE SERIE-TÍTULO UNIFORME
Título uniforme Publicaciones del Archivo General de la Nación (República Dominicana )
Designación de volumen o secuencia 1
9 (RLIN) 54335
942 ## - ELEMENTOS DE PUNTO DE ACCESO ADICIONAL (KOHA)
Fuente del sistema de clasificación o colocación Dewey Decimal Classification
Tipo de ítem Koha Libros y folletos
956 ## - LOCALIZACIÓN Y ACCESO ELECTRÓNICOS LOCAL (OCLC)
Nombre del host VMateo
Existencias
Estado de retiro Estado de pérdida Restricciones de uso No para préstamo Código de colección Localización permanente Ubicación/localización actual Ubicación en estantería Fecha de adquisición Número de inventario Total de préstamos Signatura topográfica completa Código de barras Fecha visto por última vez Precio válido a partir de Tipo de ítem Koha Nota pública
      Excluido de préstamo Raros y valiosos Patrimonio Dominicano Patrimonio Dominicano Depósito 31.03.2011 LF1   972.9304 D637h, 1944 | v.1 27275-10 25.06.2020 25.06.2020 No se presta Perteneció a la biblioteca personal de Carlos Larrazabal Blanco.
      Excluido de préstamo Raros y valiosos Patrimonio Dominicano Patrimonio Dominicano Depósito 10.06.2011 LF1   972.9304 D637h, 1944 | v.1, e.2 27275-20 25.06.2020 25.06.2020 No se presta Pertenecióo a la biblioteca personal de Julio Ortega Frier
        Raros y valiosos Patrimonio Dominicano Patrimonio Dominicano Depósito 15.04.2013 LF1   972.9304 D637h, 1944 | v.1, e.3 27275-70 25.06.2020 25.06.2020 Préstamo en sala Perteneció a la biblioteca personal de Martínez Boog
        Raros y valiosos Patrimonio Dominicano Patrimonio Dominicano Depósito 15.04.2013 LF1   972.9304 D637h, 1944 | v.1, e.4 27275-80 25.06.2020 25.06.2020 Préstamo en sala  

Con tecnología Koha